Českomoravská vrchovina /

Hlavní autor: Prošek, Josef, 1923-1992
Další autoři: Kříž, Jiří P., 1947-
Jazyk: Čeština
Vydáno: Praha : Pressfoto, 1986
Vydání: 1. vyd.
Edice: Má vlast (Pressfoto). Řada B
Témata:
Externí odkaz: Digitalizovaný dokument
Fyzický popis: [92] s. : barev. fot. ; 21 cm
Knihy
Uloženo v:
LEADER 01254nam a22003252a 4500
001 000156400
003 CZ BrMZK
005 20070403133205.0
007 ta
008 970103s1986 xr af f cze d
015 |a cnb000016686 
035 |a (OCoLC)85585240 
040 |a ABA001  |b cze  |d BOA001 
080 9 |a 908.234.58 
100 1 |a Prošek, Josef,  |d 1923-1992  |7 jk01101374  |4 aut  |4 pht 
245 1 0 |a Českomoravská vrchovina /  |c Josef Prošek ; úvod a texty Jiří P. Kříž 
250 |a 1. vyd. 
260 |a Praha :  |b Pressfoto,  |c 1986 
300 |a [92] s. :  |b barev. fot. ;  |c 21 cm 
490 1 |a Má vlast. Řada B ;  |v sv. 7 
500 |a Frontispis 
500 |a 30000 výt. 
700 1 |a Kříž, Jiří P.,  |d 1947-  |7 jk01070152  |4 wfw 
830 0 |a Má vlast (Pressfoto).  |p Řada B  |0 s 
856 4 1 |u http://www.digitalniknihovna.cz/mzk/uuid/uuid:6c8e9a50-663d-11e3-ae59-005056827e52  |y Digitalizovaný dokument  |x NDK 
910 |a BOA001  |b TK-0229.900  |b 2-0912.459 
964 |a Českomoravská vysočina - fotografické publikace 
990 |a BK 
996 6 |b 2619329357  |c 2-0912.459  |l MZK  |r Sklad / do 1 hodiny  |n 0  |w 000156400  |u 000020  |a 1  |e BOA001  |j MZK50  |s P 
996 7 |b 2629986339  |c TK-0229.900  |l MZK  |r Sklad / do 24 hodin  |n 2  |w 000156400  |u 000010  |a 1  |e BOA001  |j MZK50  |s A